000 01102nam a22003377a 4500
001 0072311
003 KOHA_MİRAKIL
005 20260207005050.0
007 ta
008 241202b2008 tu |||grd|||#0|||1|tur |
020 _a9759570319
040 _aTR-BiSEU
_btur
_cTR-BiSEU
_erda
041 0 _atur
044 _ctu
050 _aPL184.A4
_bY95 2008
100 1 _aYurtbaşı, Metin.
240 1 0 _aTürkische und Deutsche sprichwörter
_lTürkçe
245 1 _aAlman ve Türk atasözleri =
_bTürkische und Deutsche sprichwörter/
_cMetin Yurtbaşı ; Metin Yurtbaşı.
264 1 _aİstanbul :
_bBahar Yayıncılık
_c2008
300 _aXVI, 696 sayfa; 18 cm.
336 _ametin
_btxt
_2rdacontent
337 _aaracısız
_bn
_2rdamedia
338 _acilt
_bnc
_2rdacarrier
650 0 _aTürk atasözleri--Sözlükler--Almanca.
_9143994
650 0 _aAlmanca--Sözlükler--Türkçe.
_9143995
650 0 _aTurkish language--Dictionaries--German.
_946233
650 0 _aGerman language--Dictionaries--Turkish.
_93473
650 0 _a
_95500
907 _aSözlük
942 _2lcc
_cBK
999 _c73065
_d73065